LEADER 01256nam0 2200325 450 001 000020545 005 20080115101041.0 100 $a20071002d1987----km-y0itaa50------ba 101 0 $aita$afre 102 $aIT 200 1 $aEros in Francia nel Seicento$fM. Simonin... [et al.]$gprefazione di P. Carile 210 $aBari$cAdriatica$aParis$cNizet$dc1987 215 $a365 p.$d22 cm 225 2 $aQuaderni del Seicento francese$v8 410 1$12001$aQuaderni del Seicento francese$v8 606 1 $aLetteratura francese$xTema dell'eros$xSaggi$zSec. 17. 676 $a840.4$v(21. ed.)$9Letterature romanze Letteratura Francese nel Periodo classico, 1600-1715 702 1$aCarile,$bPaolo 702 1$aSimonin,$bMichel 801 0$aIT$bUniversità della Basilicata - B.I.A.$gRICA$2unimarc 912 $a000020545 996 $aEros in Francia nel Seicento$985888 997 $aUNIBAS BAS $aLETTERE CAT $aSTD042$b00$c20071002$lBAS01$h1659 CAT $aSTD042$b00$c20071004$lBAS01$h1303 CAT $aTTM$b30$c20080109$lBAS01$h1323 CAT $aTTM$b30$c20080115$lBAS01$h1010 FMT Z30 -1$lBAS01$LBAS01$mBOOK$1BASA1$APolo Storico-Umanistico$2FBG$BFondo Belga$3FBel/106208$6106208$5L106208$820071023$f04$FPrestabile Didattica LEADER 01241nam0 22003133i 450 001 RML0377234 005 20231121125800.0 100 $a20150130d1985 ||||0itac50 ba 101 | $aspa 102 $ape 181 1$6z01$ai $bxxxe 182 1$6z01$an 200 1 $aPoblacio?n y desarrollo en el Peru?$fRichard L. Clinton 210 $a[Lima]$cUniversidad de Lima, Oficina coordinadora de investigacion cientifica$d[1985] 215 $a207 p.$d21 cm. 225 | $aPublicaciones de la Universidad de Lima$v1 410 0$1001RML0377235$12001 $aPublicaciones de la Universidad de Lima$v1 606 $aDemografia$xPerù$2FIR$3RMLC425846$9E 606 $aSviluppo economico$xPerù$2FIR$3RMLC425847$9E 676 $a338.972$9Sviluppo economico. America centrale.$v22 700 1$aClinton$b, Richard Lee$3PUVV194693$4070$01446521 801 3$aIT$bIT-01$c20150130 850 $aIT-FR0017 899 $aBiblioteca umanistica Giorgio Aprea$bFR0017 $eN 912 $aRML0377234 950 0$aBiblioteca umanistica Giorgio Aprea$d 52MAG 5/1758$e 52MAG0000195565 VMB RS $fA $h20150130$i20150130 977 $a 52 996 $aPoblacio?n y desarrollo en el Peru?$93633513 997 $aUNICAS